00535nam a2200145Ia 4500003000900000008004100009040001600050080001600066100001600082245017100098260004300269300001700312650004100329650001900370IN-BaIIA211028s9999 xx 000 0 eng d cIIA Library a726.82bSUN aSundara, A. 4aThe early chamber tombs of south Indiaba study of the iron age megalithic monuments of North KarnatakacA. Sundara  aNew DelhibUniversity Publishersc1975 axviii, 248p. aAstronomy and astrophysics thesaurus aEarly chambers